| 000 | 00595nam a22001817a 4500 | ||
|---|---|---|---|
| 999 |
_c525980 _d525980 |
||
| 003 | NUST | ||
| 005 | 20190706140658.0 | ||
| 020 | _q(Hbk) | ||
| 038 | _aM. Shaban | ||
| 082 |
_a891.4397 _bSAD |
||
| 100 |
_aDr. Saadat Ali Saqib _916925 |
||
| 245 |
_aUstad mahar ali khan ustad sher ali khan: _bFuny safar _cDr. Saadat Ali Saqib |
||
| 260 |
_aLahore : _bSoufi Anyat Publications, _c2013. |
||
| 300 | _a152 p. ; | ||
| 880 |
_6100-01\r _aڈاکٹر سعادت علی ثاقب |
||
| 880 |
_6245-02\r _aاستاد مہر علی خان استاد شیر علی کان فنی سفر / |
||
| 942 |
_2ddc _cBK |
||